MARC

LEADER 00000nam0a2200000 4500
001 131200
005 20260128163046.0
035 |a (RuTPU)RU\TPU\book\142097 
090 |a 131200 
100 |a 20080214d1983 d y0rusy5003 ca 
101 1 |a rus  |c dan 
102 |a UZ 
105 |a a z 000ay 
200 1 |a Сказки. Истории  |e пер. с дат.  |f Х. К. Андерсен 
210 |a Ташкент  |c Еш гвардия  |d 1983 
215 |a 336 с.  |c цв. ил.  |d 28 см 
606 |a Датская литература  |9 33042 
610 1 |a сказки 
610 1 |a детская литература 
675 |a 839.8  |v 4 
700 1 |a Андерсен  |b Х. К.  |c датский писатель  |f 1805-1875  |g Ханс (Ганс) Кристиан (Христиан)  |3 (RuTPU)RU\TPU\pers\9269  |9 1825 
801 0 |a RU  |b RuMRKP  |c 19950704  |g psbo 
801 1 |a RU  |b 63413507  |c 20080214  |g PSBO 
801 2 |a RU  |b 63413507  |c 20080214  |g PSBO 
942 |c BK